[Event "TUR-ch (Women)"]
[Site "Gaziantep"]
[Date "2024.03.08"]
[Round "8"]
[White "Mutlu, Ezgi"]
[Black "Kalayci, Nino"]
[Result "1/2-1/2"]
[WhiteElo "1755"]
[BlackElo "1761"]
[PlyCount "66"]
[EventDate "2024.03.03"]
[EventType "swiss"]
[EventRounds "9"]
[EventCountry "TUR"]
[SourceTitle "CB11_2024"]
[SourceDate "2024.03.13"]
[SourceVersion "1"]
[SourceVersionDate "2024.03.13"]
[SourceQuality "1"]

1. e4 e6 2. d4 d5 3. Nd2 dxe4 4. Nxe4 Nd7 5. Nf3 Ngf6 6. Nxf6+ Nxf6 7. Bd3 c5 8. 0-0 Be7 9. b3 0-0 10. Bb2 b6 11. Qe2 Bb7 12. Rad1 Qc7 13. c4 Rad8 14. dxc5 Qxc5 15. Ne5 Qc7 16. f4 g6 17. Kh1 Bc5 18. Bc2 Rxd1 19. Rxd1 Rd8 20. Rf1 Bd4 21. Bc1 Kg7 22. Ng4 Nxg4 23. Qxg4 f5 24. Qe2 Qc6 25. Rd1 Bf6 26. Rxd8 Bxd8 27. Bb2+ Bf6 28. Bxf6+ Kxf6 29. Qd2 e5 30. fxe5+ Kxe5 31. Bd1 Qe4 32. h3 Qh4 33. Qc3+ Qd4 1/2-1/2

[Event "TUR-ch (Women)"]
[Site "Gaziantep"]
[Date "2024.03.04"]
[Round "2"]
[White "Mutlu, Ezgi"]
[Black "Tanriver, Nur Sima"]
[Result "1-0"]
[WhiteElo "1755"]
[BlackElo "1581"]
[PlyCount "83"]
[EventDate "2024.03.03"]
[EventType "swiss"]
[EventRounds "9"]
[EventCountry "TUR"]
[SourceTitle "CB11_2024"]
[SourceDate "2024.03.13"]
[SourceVersion "1"]
[SourceVersionDate "2024.03.13"]
[SourceQuality "1"]

1. d4 d5 2. c4 e6 3. Nf3 c6 4. g3 Nf6 5. Bg2 Nbd7 6. 0-0 Be7 7. b3 0-0 8. Nc3 a6 9. a4 Qc7 10. Qc2 Bb4 11. Bb2 Bxc3 12. Qxc3 Ne4 13. Qe3 f5 14. Nd2 Nxd2 15. Qxd2 f4 16. Bc1 dxc4 17. bxc4 e5 18. Ba3 Re8 19. dxe5 Qxe5 20. Bd6 Qxe2 21. Qxf4 Nf6 22. Bf3 Qd3 23. Rfe1 Bh3 24. Rad1 Qf5 25. c5 Qxf4 26. Bxf4 Rad8 27. Rxe8+ Rxe8 28. Rb1 Nd5 29. Bd2 Re7 30. Bd1 Bf5 31. Rb2 Rd7 32. f3 Kf8 33. Be2 b5 34. cxb6 Nxb6 35. Bb4+ Kf7 36. a5 Nd5 37. Bxa6 Nxb4 38. Rxb4 Rd1+ 39. Kf2 Rd2+ 40. Ke3 Rxh2 41. Bc4+ Ke8 42. a6 1-0

[Event "TUR-ch (Women)"]
[Site "Gaziantep"]
[Date "2024.03.04"]
[Round "3"]
[White "Tirpan, Ceren"]
[Black "Mutlu, Ezgi"]
[Result "1/2-1/2"]
[WhiteElo "1954"]
[BlackElo "1755"]
[PlyCount "78"]
[EventDate "2024.03.03"]
[EventType "swiss"]
[EventRounds "9"]
[EventCountry "TUR"]
[SourceTitle "CB11_2024"]
[SourceDate "2024.03.13"]
[SourceVersion "1"]
[SourceVersionDate "2024.03.13"]
[SourceQuality "1"]

1. e4 c5 2. Nc3 g6 3. d4 cxd4 4. Qxd4 Nf6 5. Nf3 Nc6 6. Qa4 d6 7. e5 dxe5 8. Nxe5 Qd4 9. Nxc6 Qxa4 10. Nxa4 bxc6 11. Be2 Bf5 12. c3 Bg7 13. 0-0 0-0 14. Bf3 Nd5 15. Bd2 Rac8 16. Rfe1 Rfe8 17. Rac1 Nb6 18. Nxb6 axb6 19. Be3 c5 20. Red1 Red8 21. Bd5 e6 22. Bc4 Be4 23. Bg5 Rxd1+ 24. Rxd1 Bc6 25. Ba6 Ra8 26. Rd8+ Rxd8 27. Bxd8 b5 28. Be7 Bf8 29. Bf6 Bd6 30. g3 Kf8 31. Kf1 Ke8 32. Ke2 Kd7 33. c4 b4 34. Kd3 Be7 35. Bxe7 Kxe7 36. Bb5 Kd6 37. a3 bxa3 38. bxa3 Ba8 39. h4 e5 1/2-1/2

[Event "TUR-ch U13/18 Girls"]
[Site "Antalya"]
[Date "2023.01.28"]
[Round "9"]
[White "Tirpan, Ceren"]
[Black "Mutlu, Ezgi"]
[Result "1-0"]
[WhiteElo "1753"]
[BlackElo "1543"]
[PlyCount "81"]
[EventDate "2023.01.17"]
[EventType "swiss"]
[EventRounds "9"]
[EventCountry "TUR"]
[SourceTitle "EXT 2024"]
[Source "ChessBase"]
[SourceDate "2023.10.10"]
[SourceVersion "1"]
[SourceVersionDate "2023.10.10"]
[SourceQuality "1"]

1. c4 f5 2. Nf3 Nf6 3. Nc3 g6 4. g3 Bg7 5. Bg2 0-0 6. 0-0 d6 7. d4 c6 8. b3 Qa5 9. Bb2 e5 10. dxe5 dxe5 11. e4 f4 12. Qc2 Nbd7 13. a4 Re8 14. Rfe1 Nf8 15. Nb1 Bg4 16. Nbd2 Rad8 17. c5 Ne6 18. Nc4 Qxc5 19. b4 Qf8 20. Ncxe5 fxg3 21. hxg3 Bxf3 22. Nxf3 Qxb4 23. Bc3 Qc5 24. Qb2 Ng4 25. Rac1 Qe7 26. Qa2 Qf7 27. Bxg7 Nxg7 28. Qe2 Ne6 29. Rc3 Re7 30. a5 Qf6 31. e5 Qf7 32. Qe4 Nh6 33. a6 bxa6 34. Rxc6 Nf5 35. Nh2 Nfd4 36. Rd6 Red7 37. Ng4 Kg7 38. Rd1 Qf5 39. R1xd4 Nxd4 40. Qxd4 Rxd6 41. exd6+ 1-0

[Event "TUR-ch U13/18 Girls"]
[Site "Antalya"]
[Date "2023.01.27"]
[Round "8"]
[White "Mutlu, Ezgi"]
[Black "Karadas, Hena"]
[Result "0-1"]
[WhiteElo "1543"]
[BlackElo "1454"]
[PlyCount "74"]
[EventDate "2023.01.17"]
[EventType "swiss"]
[EventRounds "9"]
[EventCountry "TUR"]
[SourceTitle "EXT 2024"]
[Source "ChessBase"]
[SourceDate "2023.10.10"]
[SourceVersion "1"]
[SourceVersionDate "2023.10.10"]
[SourceQuality "1"]

1. e4 c5 2. Nf3 Nc6 3. Bb5 g6 4. Bxc6 dxc6 5. d3 Bg7 6. h3 Qc7 7. Nc3 e5 8. Be3 b6 9. Qd2 Nf6 10. Bh6 0-0 11. Ne2 Be6 12. g4 Rfd8 13. Qg5 Nd7 14. Ng3 Bf6 15. Qe3 c4 16. dxc4 Bxc4 17. b3 Ba6 18. 0-0-0 Nf8 19. h4 Ne6 20. h5 Nf4 21. hxg6 fxg6 22. Rdg1 Rd7 23. Qc3 Bh8 24. Nh4 c5 25. Ng2 c4 26. Ne3 Rc8 27. b4 Bb7 28. f3 b5 29. g5 Qb6 30. Qe1 c3 31. Kb1 a5 32. Ka1 axb4 33. Ng4 Ra8 34. Qb1 Bd5 35. Rd1 Bxa2 36. Qxb4 Bb3+ 37. Kb1 Ra1+ 0-1

[Event "TUR-ch U13/18 Girls"]
[Site "Antalya"]
[Date "2023.01.25"]
[Round "6"]
[White "Mutlu, Ezgi"]
[Black "Ulus, Ekin"]
[Result "1-0"]
[WhiteElo "1543"]
[BlackElo "1441"]
[PlyCount "157"]
[EventDate "2023.01.17"]
[EventType "swiss"]
[EventRounds "9"]
[EventCountry "TUR"]
[SourceTitle "EXT 2024"]
[Source "ChessBase"]
[SourceDate "2023.10.10"]
[SourceVersion "1"]
[SourceVersionDate "2023.10.10"]
[SourceQuality "1"]

1. e4 e6 2. Qe2 c5 3. b3 b6 4. Bb2 Bb7 5. Nf3 Nf6 6. d3 Be7 7. g3 0-0 8. Bg2 d5 9. e5 Nfd7 10. 0-0 Nc6 11. Nbd2 Qc7 12. Rfe1 Nb4 13. Rec1 d4 14. c3 dxc3 15. Bxc3 Nd5 16. Bb2 Rac8 17. d4 Qb8 18. Nc4 Ba6 19. Qe4 cxd4 20. Nxd4 Nc5 21. Qe2 b5 22. Bxd5 exd5 23. Nf5 Rc7 24. Qg4 Ne6 25. Nxe7+ Rxe7 26. Ne3 Rd8 27. Ba3 Ree8 28. Bd6 Qb7 29. Rd1 f6 30. Rac1 fxe5 31. Bxe5 Qf7 32. Nf5 Qg6 33. Qxg6 hxg6 34. Nd6 Re7 35. Rxd5 Ng5 36. Bf4 Ne4 37. Nf5 Red7 38. Rxd7 Rxd7 39. Ne3 Rd2 40. b4 Rxf2 41. Rc7 Rxa2 42. Rxa7 Ra1+ 43. Kg2 Ra2+ 44. Kf1 Nd2+ 45. Ke1 Nf3+ 46. Kd1 Nxh2 47. Be5 Ra3 48. Nc2 Rd3+ 49. Ke2 Rd5 50. Bc3 Bc8 51. Rxg7+ Kf8 52. Ne3 Rd6 53. Rh7 Bg4+ 54. Kf2 Rd3 55. Rxh2 Rxc3 56. Nxg4 Rc4 57. Ne3 Rxb4 58. Rh7 Rb1 59. Rb7 Ke8 60. Nd5 b4 61. Rxb4 Rxb4 62. Nxb4 Kf7 63. Kf3 Ke6 64. Ke4 Kf7 65. Ke5 Ke7 66. g4 Kf7 67. g5 Ke7 68. Nd5+ Kf7 69. Kd6 Kf8 70. Ke6 Kg7 71. Ke7 Kh7 72. Kf7 Kh8 73. Kxg6 Kg8 74. Kh6 Kh8 75. g6 Kg8 76. Nf6+ Kf8 77. g7+ Kf7 78. g8Q+ Kxf6 79. Qe8 1-0

[Event "TUR-chT 2nd League"]
[Site "Konya"]
[Date "2022.08.27"]
[Round "8.2"]
[White "Mutlu, Ezgi"]
[Black "Guney, Gamze Nur"]
[Result "1/2-1/2"]
[WhiteElo "1465"]
[BlackElo "1743"]
[PlyCount "82"]
[EventDate "2022.08.22"]
[EventType "team-swiss"]
[EventRounds "9"]
[EventCountry "TUR"]
[SourceTitle "CBM 210 Extra"]
[Source "ChessBase"]
[SourceDate "2022.11.30"]
[SourceVersion "1"]
[SourceVersionDate "2022.11.30"]
[SourceQuality "1"]
[WhiteTeam "Guzelbahce Altyapi"]
[BlackTeam "Ortaca Belediye"]
[WhiteTeamCountry "TUR"]
[BlackTeamCountry "TUR"]

1. e4 c5 2. c3 Nf6 3. e5 Nd5 4. d4 e6 5. Nf3 Be7 6. Be2 0-0 7. 0-0 cxd4 8. cxd4 Nc6 9. a3 a5 10. a4 d6 11. Re1 Bd7 12. Bc4 Ncb4 13. Nc3 Bc6 14. Qb3 Rc8 15. Be3 Kh8 16. Rac1 Nxe3 17. Rxe3 Bxf3 18. Rxf3 dxe5 19. dxe5 Qc7 20. Bb5 Qxe5 21. Re3 Qb8 22. Rce1 Rc7 23. Rh3 Rd8 24. Rd1 Nc6 25. Qc2 h6 26. Rhd3 Rcc8 27. Qe2 Nb4 28. Rd7 Rxd7 29. Rxd7 Nd5 30. g3 Bf6 31. Nxd5 exd5 32. Rxd5 Rc1+ 33. Kg2 Rc7 34. b3 b6 35. Bc4 g6 36. Qd2 Kg7 37. Kg1 Qe8 38. Rd6 Qb8 39. Rd7 Qb7 40. Rxc7 Qxc7 41. Qd5 Qe7 1/2-1/2

[Event "EU-ch Online U12 Girls"]
[Site "Tornelo INT"]
[Date "2020.09.19"]
[Round "4"]
[White "Mutlu, Ezgi"]
[Black "Criveanu, Maria"]
[Result "1-0"]
[WhiteElo "1484"]
[BlackElo "1264"]
[PlyCount "49"]
[EventDate "2020.09.18"]
[EventType "swiss (rapid)"]
[EventRounds "9"]
[EventCountry "NET"]
[SourceTitle "EXT 2023"]
[Source "ChessBase"]
[SourceDate "2022.10.05"]
[SourceVersion "1"]
[SourceVersionDate "2022.10.05"]
[SourceQuality "1"]
[WhiteTeam "Turkey"]
[BlackTeam "Romania"]
[WhiteTeamCountry "TUR"]
[BlackTeamCountry "ROU"]

1. d4 d5 2. Nf3 Nf6 3. g3 Bf5 4. Bg2 c5 5. 0-0 e6 6. c4 dxc4 7. Qa4+ Nc6 8. Ne5 Rc8 9. Nxc6 bxc6 10. Bxc6+ Ke7 11. dxc5 Qc7 12. Bb5 Qxc5 13. b3 Qb6 14. Rd1 Ng4 15. Bg5+ Nf6 16. Rd7+ Ke8 17. Rb7+ Kd8 18. Rxb6 a6 19. Be8 Be7 20. Rd6+ Kc7 21. Qc6+ Kb8 22. Qb6+ Ka8 23. Qxa6+ Kb8 24. Qb5+ Kc7 25. Qb6# 1-0

[Event "EU-ch Online U12 Girls"]
[Site "Tornelo INT"]
[Date "2020.09.18"]
[Round "3"]
[White "Mkrtchyan, Anahit H"]
[Black "Mutlu, Ezgi"]
[Result "0-1"]
[WhiteElo "1263"]
[BlackElo "1484"]
[PlyCount "100"]
[EventDate "2020.09.18"]
[EventType "swiss (rapid)"]
[EventRounds "9"]
[EventCountry "NET"]
[SourceTitle "EXT 2023"]
[Source "ChessBase"]
[SourceDate "2022.10.05"]
[SourceVersion "1"]
[SourceVersionDate "2022.10.05"]
[SourceQuality "1"]
[WhiteTeam "Armenia"]
[BlackTeam "Turkey"]
[WhiteTeamCountry "ARM"]
[BlackTeamCountry "TUR"]

1. e4 e5 2. Nf3 Nc6 3. Bc4 Bc5 4. c3 Nf6 5. d4 exd4 6. e5 Ne4 7. cxd4 Bb4+ 8. Nbd2 d5 9. Bd3 Bg4 10. 0-0 Bxd2 11. Bxd2 Nxd2 12. Qxd2 Bxf3 13. gxf3 Nxd4 14. Qf4 Qg5+ 15. Qg3 Nxf3+ 16. Kg2 Nh4+ 17. Kh3 Qxg3+ 18. hxg3 Ng6 19. f4 0-0-0 20. Rae1 Rhe8 21. g4 Kb8 22. Bxg6 hxg6 23. f5 gxf5 24. gxf5 c5 25. e6 fxe6 26. fxe6 Re7 27. Rf7 Rde8 28. Rxe7 Rxe7 29. Kg4 Kc7 30. Kf4 Kd6 31. Kf5 g6+ 32. Kf6 g5 33. Kxg5 Rxe6 34. Rd1 d4 35. b3 Kd5 36. Kf4 b5 37. Kf5 Re2 38. a4 bxa4 39. bxa4 c4 40. Kf4 d3 41. Kf3 Kd4 42. a5 c3 43. a6 c2 44. Rc1 Re6 45. Kf2 Kc3 46. Re1 Rxe1 47. Kxe1 c1Q+ 48. Kf2 Qf4+ 49. Ke1 d2+ 50. Kd1 Qf1# 0-1

[Event "EU-ch Online U12 Girls"]
[Site "Tornelo INT"]
[Date "2020.09.18"]
[Round "1"]
[White "Wu, Elin"]
[Black "Mutlu, Ezgi"]
[Result "0-1"]
[WhiteElo "1180"]
[BlackElo "1484"]
[PlyCount "52"]
[EventDate "2020.09.18"]
[EventType "swiss (rapid)"]
[EventRounds "9"]
[EventCountry "NET"]
[SourceTitle "EXT 2023"]
[Source "ChessBase"]
[SourceDate "2022.10.05"]
[SourceVersion "1"]
[SourceVersionDate "2022.10.05"]
[SourceQuality "1"]
[WhiteTeam "Denmark"]
[BlackTeam "Turkey"]
[WhiteTeamCountry "DEN"]
[BlackTeamCountry "TUR"]

1. e4 e5 2. Nf3 Nc6 3. Bc4 Bc5 4. Nc3 Nf6 5. 0-0 0-0 6. d3 h6 7. h3 d6 8. Re1 Be6 9. Bxe6 fxe6 10. Be3 Bb6 11. Bxb6 axb6 12. Qd2 Nh5 13. Rad1 Nf4 14. Ne2 Nxh3+ 15. gxh3 Rxf3 16. Ng3 Rf7 17. Qe3 Nd4 18. Rd2 Nf3+ 19. Kh1 Nxe1 20. Qxe1 Qh4 21. Kg2 Raf8 22. Qe3 Rf6 23. Re2 Qf4 24. Nh5 Rg6+ 25. Kf1 Qg5 26. Qxg5 Rxg5 0-1

[Event "EU-ch U10 Girls 28th"]
[Site "Riga"]
[Date "2018.08.23"]
[Round "4"]
[White "Mutlu, Ezgi"]
[Black "Kirtadze, Anastasia"]
[Result "1/2-1/2"]
[WhiteElo "1271"]
[BlackElo "1391"]
[PlyCount "45"]
[EventDate "2018.08.20"]
[EventType "swiss"]
[EventRounds "9"]
[EventCountry "LAT"]
[SourceTitle "CBM 186 Extra"]
[Source "ChessBase"]
[SourceDate "2018.08.24"]
[SourceVersion "1"]
[SourceVersionDate "2018.08.24"]
[SourceQuality "1"]

1. e4 e6 2. d4 d5 3. e5 c5 4. c3 Na6 5. Nf3 Qb6 6. Bd3 Bd7 7. Bc2 cxd4 8. cxd4 Nb4 9. Bb3 Qa6 10. Bc2 Rc8 11. Nc3 Bb5 12. a3 Nxc2+ 13. Qxc2 Ne7 14. Ng1 Nf5 15. Qd1 Bf1 16. Nge2 Bxg2 17. Rg1 Nh4 18. Rxg2 Nxg2+ 19. Kf1 Nh4 20. Qd2 Nf5 21. Qf4 Ne7 22. Kg1 h6 23. Kh1 1/2-1/2